Rating je odrazom miery reforiem

Stredoeurópsky inštitút pre ekonomické a sociálne reformy prináša výsledky projektu Hodnotenie ekonomických a sociálnych opatrení (HESO) za štvrtý štvrťrok 2002. Hodnotenie je uverejnené v skrátenej podobe. Najlepšie opatrenia. Najhoršie opatrenia.

Gespeichert in:
Bibliographische Detailangaben
1. Verfasser: Zachar, Dušan
Format: Buchkapitel
Sprache:Slowakisch
Schlagworte:
Tags: Tag hinzufügen
Keine Tags, Fügen Sie das erste Tag hinzu!

MARC

LEADER 00000naa a2200000 4500
001 r048183
005 20230927091649.8
041 0 |a slo 
044 |a SK 
245 1 0 |a Rating je odrazom miery reforiem  |c Dušan Zachar 
520 |a Stredoeurópsky inštitút pre ekonomické a sociálne reformy prináša výsledky projektu Hodnotenie ekonomických a sociálnych opatrení (HESO) za štvrtý štvrťrok 2002. Hodnotenie je uverejnené v skrátenej podobe. Najlepšie opatrenia. Najhoršie opatrenia. 
610 2 0 |a vývoj hospodársky 
610 2 0 |a vývoj sociálny 
610 2 0 |a reformy 
610 2 0 |a rating 
610 2 0 |a Slovensko 
610 2 0 |a október-december 
610 2 0 |a 2002 
100 1 |a Zachar, Dušan